[Event "Esbjerg Efterår 2019"]
[Site "?"]
[Date "2019.10.19"]
[Round "4.3"]
[White "Berg, Klaus"]
[Black "Hansen, Lars"]
[Result "1/2-1/2"]
[BlackElo "2214"]
[WhiteElo "2256"]
[LiveChessVersion "1.4.8"]

1. g3 {[%clk 1:30:53]} d5 {[%clk 1:26:08]} 2. Nf3 {[%clk 1:28:21]} Nf6
{[%clk 1:26:32]} 3. Bg2 {[%clk 1:28:40]} c6 {[%clk 1:26:50]} 4. c4
{[%clk 1:26:48]} dxc4 {[%clk 1:26:22]} 5. O-O {[%clk 1:27:10]} Nbd7
{[%clk 1:26:10]} 6. Na3 {[%clk 1:03:53]} Nb6 {[%clk 1:26:33]} 7. Qc2
{[%clk 1:03:23]} Be6 {[%clk 1:26:45]} 8. Ng5 {[%clk 1:03:14]} Qd7
{[%clk 1:26:39]} 9. b3 {[%clk 0:57:55]} cxb3 {[%clk 1:03:02]} 10. axb3
{[%clk 0:58:15]} Bg4 {[%clk 0:58:49]} 11. Nc4 {[%clk 0:52:27]} Nxc4
{[%clk 0:58:45]} 12. Qxc4 {[%clk 0:52:47]} e5 {[%clk 0:31:14]} 13. d4
{[%clk 0:36:20]} exd4 {[%clk 0:25:16]} 14. Rd1 {[%clk 0:33:51]} Be6
{[%clk 0:19:32]} 15. Nxe6 {[%clk 0:27:20]} Qxe6 {[%clk 0:19:57]} 16. Qxe6+
{[%clk 0:27:39]} fxe6 {[%clk 0:20:18]} 17. Rxd4 {[%clk 0:28:06]} Bc5
{[%clk 0:17:52]} 18. Rc4 {[%clk 0:21:07]} Bb6 {[%clk 0:17:49]} 19. Bb2
{[%clk 0:19:52]} O-O {[%clk 0:15:50]} 20. Bh3 {[%clk 0:19:40]} Kf7
{[%clk 0:11:09]} 21. Rd1 {[%clk 0:10:05]} Rad8 {[%clk 0:10:48]} 22. Rxd8
{[%clk 0:10:22]} Rxd8 {[%clk 0:11:00]} 23. Bxf6 {[%clk 0:07:50]} Kxf6
{[%clk 0:03:39]} 24. Rf4+ {[%clk 0:08:01]} Ke7 {[%clk 0:03:56]} 25. Re4
{[%clk 0:07:58]} Rd6 {[%clk 0:01:46]} 26. Bg4 {[%clk 0:06:35]} Kf6
{[%clk 0:01:45]} 27. Kg2 {[%clk 0:05:36]} e5 {[%clk 0:01:41]} 28. Bc8
{[%clk 0:05:53]} Rd4 {[%clk 0:01:30]} 29. Rxd4 {[%clk 0:04:55]} exd4
{[%clk 0:01:38]} 30. Bxb7 {[%clk 0:05:21]} c5 {[%clk 0:02:03]} 31. f4
{[%clk 0:04:55]} Ke6 {[%clk 0:02:04]} 32. Kf3 {[%clk 0:05:07]} Ba5
{[%clk 0:01:54]} 33. Ke4 {[%clk 0:05:21]} Kd5+ 1/2-1/2